• 首页
  • 本馆介绍
  • 公告通知
  • 最新文献
  • 馆藏检索
  • 电子资源
  • 读者导购
  • 参考咨询
  • 我的图书馆
  • 登录
  • 详细信息显示
  • 放入我的书架
  • 预约/预借图书
  • 作者相关作品
  • 分类相关作品
  • 丛书相关作品
  • 出版社相关作品

书目信息

  • 表格格式
  • 工作单格式
  • 卡片格式
题名:
病理组织学彩色图谱
    
 
作者: 黎辉 主编
分册:  
出版信息: 北京   科学技术文献出版社  2000
页数: 116页
开本: 26cm
丛书名:
单 册:
中图分类: R361-64
科图分类:
主题词: 病理学--Bing Li Xue--组织学(生物)--图解
电子资源:
ISBN: 7-5023-3647-8
000 00638nam0 2200217 450
001 CAL 012001389628
005 20070619162158.93
010    @a7-5023-3647-8@dCNY39.00
100    @a20020709d2000 ekmy0chiy0121 ea
101 0  @achi
102    @aCN@b110000
105    @aa z 000yy
200 1  @a病理组织学彩色图谱@ABing Li Zu Zhi Xue Cai Se Tu Pu@f黎辉等主编
210    @a北京@c科学技术文献出版社@d2000
215    @a116页@c图@d26cm
333    @a医学院校教学参考书
606 0  @a病理学@ABing Li Xue@x组织学(生物)@j图解
690    @aR361-64@v4
701  0 @a黎辉@ALi Hui@4主编
801  0 @aCN@bPFT@c20070619
905    @a10447@dR361-64@e172
    
    病理组织学彩色图谱/黎辉等主编 .-北京:科学技术文献出版社,2000
    116页:图;26cm
    使用对象:医学院校教学参考书
    
    ISBN 7-5023-3647-8:CNY39.00
    
●
相关链接 在E读中查询图书 在五车中查询图书 在当当中查询图书 在豆瓣中查询图书


正题名:病理组织学彩色图谱     索取号:R361-64/172         预约/预借

序号 登录号 条形码 馆藏地/架位号 状态 备注
1 0653896   206538969   第二样本阅览室/ [索取号:R361-64/172] 在馆    
唐山师范学院图书馆 欢迎您!
大连网信软件有限公司© 版权所有